Tipografías y tipógrafos : acervo tipográfico de la Universidad del Cauca /

Bibliographic Details
Main Author: Sandoval Sarmiento, Laura Judith (Author)
Other Authors: Gómez Cerón, Eduardo (contributor agent of text.)
Format: Electronic eBook
Language:Spanish
Published: Popayán, Colombia : editorial UC, Editorial Universidad del Cauca, 2024.
Edition:Primera edición en español.
Subjects:
Online Access:Digitalia Hispánica

MARC

LEADER 00000nam a2200000Ii 4500
001 DIGUCAUCA0158
003 NyNyDIG
006 m o d
007 cr |||||||||||
008 250528s2024 ck a ob 000 0 spa d
035 |a (OCoLC)1450795085 
040 |a DGITA  |b eng  |e rda  |e pn  |c DGITA 
020 |a 9789587326468  |q digital 
020 |z 9789587326451  |q impreso 
043 |a s-ck--- 
050 1 4 |a Z251.S75 ebook 
100 1 |a Sandoval Sarmiento, Laura Judith,  |e author. 
245 1 0 |a Tipografías y tipógrafos :  |b acervo tipográfico de la Universidad del Cauca /  |c Laura Judith Sandoval Sarmiento ; prólogo por Eduardo Gómez Cerón. 
250 |a Primera edición en español. 
264 1 |a Popayán, Colombia :  |b editorial UC, Editorial Universidad del Cauca,  |c 2024. 
300 |a 1 online resource :  |b illustrations. 
336 |a text  |b txt  |2 rdacontent 
337 |a computer  |b c  |2 rdamedia 
338 |a online resource  |b cr  |2 rdacarrier 
347 |a text file  |2 rdaft 
347 |b PDF 
504 |a Includes bibliographical references. 
588 0 |a Online resource; title from PDF title page (Digitalia, viewed May 28, 2025) 
610 2 0 |a Universidad del Cauca.  |b Grupo de Investigación en Estudios Tipográficos. 
650 0 |a Printing  |x Study and teaching (Higher)  |z Colombia. 
700 1 |a Gómez Cerón, Eduardo,  |e contributor agent of text. 
791 2 |a Digitalia (Firm),  |e distributor. 
793 0 |g Digitalia eBook Collection:  |a Editorial Universidad del Cauca 
776 0 8 |i Print version:  |a Sandoval Sarmiento, Laura Judith.  |t Tipografías y tipógrafos.  |b Primera edición en español.  |d Popayán, Colombia : editorial UC, Editorial Universidad del Cauca, 2024  |z 9789587326451 
856 4 0 |3 Digitalia Hispánica  |u https://www.digitaliapublishing.com/a/159376/ 
910 |a Premium collection: 2025